000 00684nam a2200217 a 4500
005 20240210063600.0
008 010625s2000 r 000 0 eng d
020 _a8437602971
035 _aUPN01000108963
049 _aCG
050 4 _aPN6375
_bS6.28 2000
100 1 _aSmullyan, Raymond M.
245 1 1 _a¿Cómo se llama este libro? :
_bel enigma de Drácula y otros pasatiempos lógicos /
_cRaymond M. Smullyan ; tr. de Carmen García Trevijano.
250 _a13a ed.
260 _aMadrid :
_bCátedra,
_c2000.
300 _a292 p.
440 0 _aColección teorema.
_pSerie menor
650 4 _aAdivinanzas
_9114
650 4 _aRECREACIONES LITERARIAS
_919553
905 _aLibro
999 _c82874
_d82874